000 00653nam a2200241Ia 4500
003 OSt
005 20221006170139.0
006 a|||||r|||| 00| 0
007 ta
008 221006b |||||||| |||| 00| 0 eng d
024 _a6,905
037 _cTextual
040 _aFML
_cFML
_beng
041 _2eng
_aeng
082 _aNk2.N, N5.1
100 _aBadyanath Saraswati Ed.
_9681183
245 0 _aParimal Elements
_b The Oral Tradition
260 _c1944
300 _ap.
_ccm.
700 _a Vatsyayan Kapila Ed.
942 _hNk2.N, N5.1
_cTEXL
_2CC
999 _c1123153
_d1123153